Communes de la Martinique (972) de plus de 10000 habitants - Statistiques

Statistiques générales
  • Ce quiz a été pris 24 fois
  • Le résultat moyen est 7 sur 12
Statistiques - réponses
Habitants Communes % Correct
75165 (préfecture) Fort-de-France
100%
39346 Le Lamentin
90%
17837 Ducos
75%
21460 Le Robert
75%
19342 Schœlcher
75%
15858 Le François
70%
14827 Sainte-Marie
60%
11622 La Trinité
50%
16470 Saint-Joseph
45%
11818 Rivière-Salée
40%
10422 Saint-Esprit
35%
11797 Rivière-Pilote
30%
Aucun quiz correspondant
Distribution des résultats
% des personnes avec chaque résultat
Percentile par nombre de réponses
Votre historique - résultats
Vous n’avez pas pris ce quiz